Lágrimas de guerra = The Devil's Arithmetic /

Hannah Stern es una adolescente de finales del siglo XX de origen judío; sus padres vivieron los horrores del holocausto en la Segunda Guerra Mundial, pero ella no tiene interés en las tradiciones de sus padres, en su religión, ni en su historia. Una noche ella es transportada de manera fantástica a...

全面介绍

Guardado en:
书目详细资料
主要作者: Deitch, Donna (realización)
其他作者: Dunst, Kirsten (actuación) (actuación), Murphy, Brittany (actuación) (actuación)
格式: 幻灯片
语言:英语
主题:
标签: 添加标签
没有标签, 成为第一个标记此记录!

MARC

LEADER 00000ngm^a2200000^a^4500
001 000410979
005 20250521000000.0
009 20260310122101.132
037 |a Acervo ITESO - Biblioteca 
041 |a ING 
082 |a 810.  |b DEI 
100 |a Deitch, Donna  |e (realización) 
240 1 1 |a [Lágrimas de guerra] 
245 1 0 |a Lágrimas de guerra =  |b The Devil's Arithmetic /  |c Realización de D. Deitch. 
264 2 |a México :  |b Alter Films [distribución],  |c 2002, c2002 
300 |a 1 DVD regiones 1 y 4 (98 min.) :  |b color 
336 |a imagen móvil bidimensional  |b tdi  |2 rdacontenido 
337 |a video  |b v  |2 rdamedio 
338 |a videodisco  |b vd  |2 rdasoporte 
520 |a Hannah Stern es una adolescente de finales del siglo XX de origen judío; sus padres vivieron los horrores del holocausto en la Segunda Guerra Mundial, pero ella no tiene interés en las tradiciones de sus padres, en su religión, ni en su historia. Una noche ella es transportada de manera fantástica a un campo de exterminio nazi en la Polonia de 1941. Entonces experimentará en carne propia momentos de la historia y del pasado de su familia; esto le dará una nueva perspectiva. 
546 |a En inglés, con subtítulos opcionales: español 
649 |a XX 
650 |a Adolescentes en el Cine 
650 |a Judíos en Europa -  |x Historia -  |y 1939-1945 
650 |a Telefilmes 
650 |a Dramas Cinematográficos 
650 |a Cine Fantástico 
650 |a Cine de Mujeres -  |z EUA 
650 |a Cine por Televisión -  |z EUA 
650 |a Cine Norteamericano -  |y 1990-1999 
650 |a Cine Norteamericano -  |y Siglo XX 
650 |a Guerra Mundial (Segunda), 1939-1945 
650 |a Genocidio -  |z Alemania -  |x Historia -  |y Tercer Reich, 1933-1945 
700 |a Dunst, Kirsten  |e (actuación) 
700 |a Murphy, Brittany  |e (actuación) 
910 |a Fondo General 
920 |a Audiovisuales - DVDs 
940 |a Películas 
905 |a 302 
901 |a 0500319702  |b IT2  |c DVS  |i D75584  |u 20250521 
902 |a https://opac.biblio.iteso.mx/vufind/Record/000410979